00000000nam##2200000za#4500
0019.575074
003CaOODSP
00520210624184505
007cr |||||||||||
008150406|2007||||xxc|||||o    f|0| 0 eng|d
022 |a1488-5379
040 |aCaOODSP|beng
043 |an-cn---
0861 |aFs97-6/2708E-PDF
1101 |aCanada. |bDepartment of Fisheries and Oceans.
24514|aThe Community Aquatic Monitoring Program (CAMP) for measuring marine environmental health in coastal waters of the southern Gulf of St. Lawrence - 2007 overview / |h[electronic resource]|cby J. Weldon, S. Courtenay and D. Garbary.
260 |aMoncton - New Brunswick : |bFisheries and Oceans Canada |cc2007.
300 |a64p.|bfigs., references, tables
4901 |aCanadian technical report of fisheries and aquatic sciences|x1488-5379|vNo. 2708
500 |aThe catalogue number and ISSN for the print edition appear in this electronic version.
590 |a12-37-Supp|b2012-09-24
7201 |aCourtenay, S.
7201 |aWeldon, J.
7201 |aGarbary, D.
7760#|tThe Community Aquatic Monitoring Program (CAMP) for measuring marine environmental health in coastal waters of the southern Gulf of St. Lawrence : 2007 overview / |w(CaOODSP)9.618487
830#0|aCanadian technical report of fisheries and aquatic sciences,|x1488-5379|vNo. 2708|w(CaOODSP)9.504449
85640|ahttp://publications.gc.ca|qPDF|s3094 KB|uhttps://publications.gc.ca/collections/collection_2012/mpo-dfo/Fs97-6-2708-eng.pdf|yNo. 2708